书目信息 |
| 题名: |
水路货代实务案例
|
|
| 作者: | 牛鱼龙 主编 | |
| 分册: | ||
| 出版信息: | 上海 同济大学出版社 2007.12 |
|
| 页数: | 410页 | |
| 开本: | 26cm | |
| 丛书名: | 货代实务案例丛书 | |
| 单 册: | ||
| 中图分类: | F550.6 | |
| 科图分类: | ||
| 主题词: | 水路运输--shui lu yun shu--货物运输--代理 (经济) | |
| 电子资源: | ||
| ISBN: | 978-7-5608-3712-3 | |
| 000 | 00978nam 2200253 450 | |
| 001 | 012009868562 | |
| 005 | 20090918201516.90 | |
| 010 | @a978-7-5608-3712-3@dCNY49.00 | |
| 100 | @a20090918d2007 em y0chiy0120 ea | |
| 101 | 0 | @achi |
| 102 | @aCN@b310000 | |
| 105 | @ay z 000yy | |
| 106 | @ar | |
| 200 | 1 | @a水路货代实务案例@Ashui lu huo dai shi wu an li@f牛鱼龙主编@Fniu yu long zhu bian |
| 210 | @a上海@c同济大学出版社@d2007.12 | |
| 215 | @a410页@d26cm | |
| 225 | 2 | @a货代实务案例丛书@Ahuo dai shi wu an li cong shu |
| 330 | @a本书主要内容包括:内河货物运输代理的基本知识和操作常识,内河货代企业的规章制度和战略发展,有代表性的部分内河货物运输代理的实战经验的典型企业,以及该领域公司间出现的经济纠纷、合同纠纷等法院判决的案例等。 | |
| 410 | 0 | @12001 @a货代实务案例丛书 |
| 606 | 0 | @a水路运输@Ashui lu yun shu@x货物运输@x代理 (经济) |
| 690 | @aF550.6@v4 | |
| 701 | 0 | @a牛鱼龙@Aniu yu long@4主编 |
| 801 | 0 | @aCN@bQSSK@c20090918 |
| 905 | @b756576-78@dF550.6@eN726@f3 | |
| 水路货代实务案例/牛鱼龙主编.-上海:同济大学出版社,2007.12 |
| 410页;26cm.-(货代实务案例丛书) |
| ISBN 978-7-5608-3712-3:CNY49.00 |
| 本书主要内容包括:内河货物运输代理的基本知识和操作常识,内河货代企业的规章制度和战略发展,有代表性的部分内河货物运输代理的实战经验的典型企业,以及该领域公司间出现的经济纠纷、合同纠纷等法院判决的案例等。 |
| ● |
| 相关链接 |
|
|
|
正题名:水路货代实务案例
索取号:F550.6/N726
 
预约/预借
| 序号 | 登录号 | 条形码 | 馆藏地/架位号 | 状态 | 备注 |
| 1 | 756576 | 207565767 | 社科库409/409社科库 38排2列3层/ [索取号:F550.6/N726] | 在馆 | |
| 2 | 756577 | 207565776 | 社科库409/422社科库 36排1列3层/ [索取号:F550.6/N726] | 在馆 | |
| 3 | 756578 | 207565785 | 社科二线422/409社科库 38排2列3层/ [索取号:F550.6/N726] | 在馆 |